000 00319nam a2200109Ia 4500
008 200302s9999 xx 000 0 und d
100 _aPina Lewandowsky and other
245 _aA Practical Guide to Digital Design Designing with your computer made easy
260 _bAva Publishing Sa
260 _c2003
300 _a256 P.,
999 _c4196
_d4196